书目信息 |
| 题名: |
中西医结合皮肤性病治疗学
|
|
| 作者: | 张德章 | |
| 分册: | ||
| 出版信息: | 武汉 武汉出版社 1992.02 |
|
| 页数: | 447页 | |
| 开本: | 32开 | |
| 丛书名: | ||
| 单 册: | ||
| 中图分类: | R751.05 | |
| 科图分类: | ||
| 主题词: | 皮肤病学 , 皮肤病 , 皮炎 | |
| 电子资源: | ||
| ISBN: | 7-5430-0631-6 | |
| 000 | 00595nam0 2200205 45 | |
| 001 | 9911301546 | |
| 005 | 19991130154237.2 | |
| 010 | @a7-5430-0631-6@d6.50 | |
| 100 | @a19991130d1992 km y0chiy0120 ea | |
| 101 | @achi | |
| 105 | @a z 000yy | |
| 200 | 1 | @a中西医结合皮肤性病治疗学@AZhong Xi Yi Jie He Pi Fu Xing Bing Zhi Liao Xue@f张德章@FZhang De Zhang |
| 210 | @a武汉@c武汉出版社@d1992.02 | |
| 215 | @a447页@c无图表@d32开 | |
| 606 | 0 | @a皮肤病学 |
| 606 | 0 | @a皮肤病 |
| 606 | 0 | @a皮炎 |
| 690 | @aR751.05@v3 | |
| 801 | @aCN@bPerfectUser@c19991130 | |
| 905 | @aBZT@b42129-130@f2@dR751.05@e2:1 | |
| 中西医结合皮肤性病治疗学/张德章.-武汉:武汉出版社,1992.02 |
| 447页:无图表;32开 |
| ISBN 7-5430-0631-6:6.50 |
| ● |
| 相关链接 |
|
|
|
正题名:中西医结合皮肤性病治疗学
索取号:R751.05/2:1
 
预约/预借
| 序号 | 登录号 | 条形码 | 馆藏地/架位号 | 状态 | 备注 |
| 1 | 42129 | 200579524 | 中心书库中库/ 中库014架A面6列2层29/ [索取号:R751.05/2:1] | 在馆 | |
| 2 | 42130 | 200579542 | 中心书库中库/ 中库014架A面6列2层28/ [索取号:R751.05/2:1] | 在馆 |